000 00374 a2200109 4500
020 _a0309105838
082 _a333.9104097 HOL
100 _aHolliday, Laura
245 _aSustainable Management of Groundwater in Mexico: Proceeding of a Workshop /
_cLaura Holliday...[et all]
260 _aWashington :
_bThe National Academies Press,
_c2007
300 _axiv, 111p. :
_bill. ;
_c30 cm
650 _aGroundwater
999 _c2088
_d2088